| 000 | 00528nam a2200205Ia 4500 | ||
|---|---|---|---|
| 003 | OSt | ||
| 005 | 20230531095351.0 | ||
| 008 | 210423s2000 xx 000 0 und d | ||
| 040 | _cAL | ||
| 041 | _aeng | ||
| 082 |
_a153.8 RUST _223 |
||
| 100 |
_aRUSSELL (Ken);CASTER (Philip) _9117532 |
||
| 245 | _aTest your IQ | ||
| 260 |
_aNew Delhi _bKogan Page Ltd _c2000 |
||
| 365 |
_b195 _cINR |
||
| 650 |
_aMental Process & Intelligence _9117533 |
||
| 650 |
_aPsychology _9117534 |
||
| 906 | _aIQ. ; Test ; your | ||
| 942 |
_2ddc _cBK |
||
| 999 |
_c173666 _d173666 |
||